[Stará vieronauka slovenská] Kniha II Názory v jich zosobnení božskom

Práca o starej slovanskej mytológii

Bibliographic Details
Main Author: Kellner-Hostinský, Peter, 1823-1873 (Author)
Format: Manuscript Book
Language:Slovak
PhysicalDescription:193 strán v rôznom stránkovaní rukopis, voľné listy 34 cm
Published: [Rimavská Sobota] [1871?]
Subjects:

MARC

LEADER 00000ntmaa2200000 a 4500
001 vtls011905294
003 SK-MaSNL
005 20260301052401.0
008 251021s1871 xo || 000 1 slo
035 |a urn:nbn:sk:snk-tm00g5ez 
035 |a urn:nbn:sk:snk-tm3n4l6 
035 |a AA1C41D5-5416-4AB7-AEA6-077C7219008F 
040 |a SNKLA  |b slo  |c SNKLA  |e AACR2 
041 0 |a slo 
044 |a xo  |c SK 
072 7 |a 25  |x Náboženstvo, mytológia, kulty  |2 konspekt 
080 |a 025.171  |2 2011 
080 |a 257.7  |2 2011 
080 |a (0.02/.08:001)  |2 2011 
100 1 |a Kellner-Hostinský, Peter,  |d 1823-1873  |4 aut  |9 37019 
245 1 0 |a [Stará vieronauka slovenská]  |n Kniha II  |p Názory v jich zosobnení božskom  |c [Peter Kellner-Hostinský] 
260 |a [Rimavská Sobota]  |c [1871?] 
300 |a 193 strán v rôznom stránkovaní  |b rukopis, voľné listy  |c 34 cm 
500 |a Autor podľa signatúry M 45 C 3 
500 |a Druhá časť práce, tretia časť je uložená pod signatúrou M 45 B 1 
520 2 |a Práca o starej slovanskej mytológii 
555 0 |a Inventár rukopisov Literárneho archívu MS V. Archív Slovenského národného múzea. Fondy M 1 - 50. Martin : Matica slovenská 1974 
561 |a Okrúhla pečiatka: Museálna slovenská spoločnosť 
561 |a Okrúhla pečiatka: Matica slovenská Martin Literárny archív 
650 0 7 |a slovanská mytológia  |2 SNKPH  |9 66207 
655 7 |a rukopisy  |2 SNKPH  |9 70548 
655 7 |a vedecké práce  |2 SNKPH  |9 86817 
852 |a Slovenská národná knižnica  |b Literárny archív 
958 |a MOF 
958 |a LAVD 
999 |c 605775  |d 607705 
952 |a SNKLA  |b SNKLA  |c SNKLA_DEP  |y NEVYP  |7 0  |p 17A1229180  |o snkM 45 B 20  |0 0  |1 0  |4 0  |d 2019-12-04  |f 1  |l 0  |r 2026-02-23 16:07:49  |w 2026-02-23